Normal view
MARC view
Entry Término temático
001 - NÚMERO DE CONTROL
- campo de control: 21979
003 - IDENTIFICADOR DEL NÚMERO DE CONTROL
- campo de control: FranzMayer
005 - FECHA Y HORA DE LA ÚLTIMA TRANSACCIÓN
- campo de control: 20190320210426.0
008 - DATOS DE LONGITUD FIJA
- campo de control de longitud fija: 190320|| aca||aabn | a|a d
040 ## - FUENTE DE LA CATALOGACIÓN
- Centro catalogador/agencia de origen: FranzMayer
- Centro/agencia transcriptor: FranzMayer
150 ## - ENCABEZAMIENTO--TÉRMINO DE MATERIA
- Término de materia o nombre geográfico como elemento de entrada: Oraciones
- Subdivisión cronológica: Obras anteriores a 1800
670 ## - FUENTE DE DATOS ENCONTRADOS
- Cita de la fuente: Work cat.: (FranzMayer): Aleman, Francisco Antonio 21978, Conocimiento de Jesu-Christo considerado en sus misterios, y en las diferentes qualidades ó respectos que tiene para con Dios su padre, con este mudno visible, con los hombres en sus diversos estados, y con los bienaventurados en el cielo..., 1790